Chanson Orelsan - Statistiques

Statistiques générales
  • Ce quiz a été pris 75 fois
  • Le résultat moyen est 60 sur 134
Statistiques - réponses
Album Réponse % Correct
Basique
81%
La Quête
76%
Le Chant des sirènes
74%
Notes pour trop tard
74%
Perdu D'Avance
74%
Civilisation
72%
Défaite de famille
70%
La fête est finie
70%
La Terre est ronde
70%
Paradis
70%
La fête est finie (2017) San
70%
Tout va bien
69%
L'Odeur de l'essence
67%
Rêves bizarres
67%
Jimmy Punchline
65%
Jour meilleur
65%
La Pluie
65%
Yoroï
65%
Athéna
63%
Suicide social
63%
Changement
61%
Christophe
61%
Évidemment
61%
Le Chant des sirènes (2011) RaelSan
61%
Bébéboa
59%
Épilogue
59%
Ailleurs
57%
Bonne meuf
57%
Courez Courez
57%
Ensemble
57%
La Lumière
57%
Soleil levant
57%
Zone
57%
Boss
56%
Dans ma ville, on traîne
56%
Du propre
56%
Ils sont cools
56%
Pour le Pire
56%
Civilisation (2021) Shonen
56%
50 Pourcents
54%
Dernier verre
54%
Inachevés
54%
Plus rien
54%
Sama
54%
Si seul
54%
À l’heure où je me couche
52%
La famille, la famille
52%
Mes grands-parents
52%
Seul avec du monde autour
52%
Soirée Ratée
52%
15h02 - Regarde comme il fait beau
50%
1990
50%
2010
50%
Ah la France
50%
Baise le monde
50%
Casseurs Flowters Infinity
50%
Manifeste
50%
Différent
48%
Perdu d'avance (2009) Étoiles Invisibles
48%
La Petite Marchande de porte-clefs
48%
La fuite en avant (2025) Le pacte
48%
Deux et demi
46%
Encore une fois
46%
Épiphanie
46%
Gros Poissons Dans une Petite Mare
46%
J’essaye, j’essaye
46%
La petite voix
46%
Osaka
46%
Plus rien ne m'étonne
46%
Quand est-ce que ça s'arrête ?
46%
18h30 - Bloqué
44%
Épilogue (2018) Fantômes
44%
Finir mal
44%
La Peur de l'Échec
44%
Les aventures de MiniSan
44%
Les monstres
44%
Dis-moi
43%
Internet
43%
La Morale
43%
Logo Dans le Ciel
43%
Mauvaise Idée
43%
Rêve mieux
43%
06h16 - Des histoires à raconter
41%
19h26 - La Mort du disque
41%
No Life
41%
Ok... Super...
41%
Oulalalala
41%
Tellement d'amis
41%
Double Vie
39%
Elle viendra quand même
39%
Juste un dernier
39%
On a gagné
39%
Si facile
39%
Dans quelques mois
37%
Discipline
37%
Point de rupture
37%
01h16 - Les Putes et moi
35%
01h47 - Change de pote
35%
16h22 - Deux connards dans un abribus
35%
Adieu les filles
35%
Entre Bien et Mal
35%
22h31 - Fais les backs
31%
Des trous dans la tête
31%
Tout ce que je sais
31%
03h53 - Manger c'est tricher
30%
Civilisation perdue (2022) Intro Civilisation perdue
30%
Nous contre le monde
30%
Sous Influence
30%
Toujours perdu quand même
30%
20h13 - La Nouvelle Paire
28%
Le mal est fait
28%
01h14 - Couplet de Claude
24%
01h25 - Johnny Galoche
24%
04h41 - Greenje et Orselane
24%
15h45 - Stupide ¡ Stupide ¡ Stupide ¡
24%
17h04 - Prends des pièces
24%
20h08 - Dans la place pour être
24%
Quand ton père t’engueule
24%
Wondercash
22%
Excuses ou mensonges
20%
Xavier
20%
Orelsan et Gringe sont les Casseurs Flowters (2013) 14h58 - Casseurs Flowters Opening
19%
C’est toujours 2 connards dans un Abribus
19%
16h00 - Tu m'dois d'l'oseille
17%
Pas n’importe quel toon
17%
Quand on descend vers le centre
17%
En boucle
15%
Freestyle Radio Phoenix
13%
On est resté à l’hôtel
7%
Au bout du compte
6%
Comment c'est loin (2015) Nouvelle journée
6%
Promenade imprévue
6%
Faut qu’on rentre bosser
4%
Aucun quiz correspondant
Distribution des résultats
% des personnes avec chaque résultat
Percentile par nombre de réponses
Votre historique - résultats
Vous n’avez pas pris ce quiz